Sports Quiz

Random Sports or Football Quiz

Pixel Art - NFL Team Quiz Stats

 Plays Quiz Updated Oct 31, 2017

Challenge
Share
Tweet
Score 0/289 Timer 03:00
24 Plays Today
% Correct
97.9%
96.7%
96.5%
96.4%
96.4%
96.2%
96.2%
96%
96%
96%
95.9%
95.8%
95.8%
95.8%
95.8%
95.8%
95.7%
95.7%
95.7%
95.7%
95.7%
95.6%
95.5%
95.4%
95.4%
95.2%
95.2%
95.1%
95.1%
95%
94.9%
94.9%
94.7%
94.7%
94.7%
94.7%
94.6%
94.5%
94.4%
94.4%
94.4%
94.4%
94.3%
94.3%
94.3%
94.3%
94.3%
94.2%
94.2%
94.2%
94.1%
94.1%
94%
94%
93.9%
93.9%
93.9%
93.9%
93.9%
93.9%
93.8%
93.8%
93.8%
New England
Patriots
93.7%
93.6%
93.6%
93.6%
93.6%
93.6%
93.5%
93.5%
93.5%
93.5%
93.4%
93.4%
93.4%
93.3%
93.3%
93.3%
93.3%
93.3%
93.3%
93.3%
93.3%
93.3%
93.3%
93.3%
93.3%
93.2%
93.2%
93.2%
93.2%
93.2%
93.1%
93%
93%
93%
% Correct
92.9%
92.9%
92.8%
92.8%
92.8%
92.7%
92.6%
92.6%
92.5%
92.5%
92.5%
92.5%
92.5%
92.5%
92.5%
92.4%
92.4%
92.4%
92.4%
92.4%
92.4%
92.4%
92.4%
92.3%
92.3%
92.3%
92.3%
92.3%
92.3%
92.2%
92.1%
92.1%
92.1%
92.1%
92.1%
92.1%
92.1%
92%
92%
91.9%
91.9%
91.9%
91.9%
91.9%
91.9%
91.9%
91.9%
91.9%
91.8%
91.7%
91.7%
91.7%
91.7%
91.7%
91.7%
91.7%
91.6%
91.6%
91.6%
91.6%
91.6%
91.6%
91.5%
91.5%
91.5%
91.5%
91.5%
91.5%
91.5%
91.4%
91.3%
91.3%
91.3%
91.3%
91.3%
91.3%
91.3%
91.3%
91.3%
91.2%
91.2%
91.2%
91.2%
91.2%
91%
91%
91%
91%
91%
91%
90.9%
90.9%
90.9%
90.9%
90.8%
90.8%
90.8%
% Correct
90.8%
90.7%
90.7%
90.6%
90.6%
90.5%
Buffalo
Bills
90.5%
90.4%
90.3%
90.3%
90.3%
90.2%
90.2%
90.1%
90.1%
90.1%
90.1%
90.1%
New York
Giants
90%
89.9%
89.9%
89.9%
89.9%
89.9%
89.8%
89.8%
89.7%
89.7%
89.7%
89.7%
89.6%
89.6%
89.6%
89.6%
89.5%
89.5%
89.5%
89.4%
89.2%
88.9%
88.9%
88.9%
88.9%
88.8%
88.8%
88.7%
88.6%
New York
Jets
88.6%
88.4%
88.3%
88.3%
88.1%
88%
87.9%
87.9%
Dallas
Cowboys
87.8%
Cleveland
Browns
87.6%
87.5%
Green Bay
Packers
87.5%
87.3%
87.3%
87.3%
87.2%
87.1%
87%
Pittsburgh
Steelers
86.6%
86.4%
Miami
Dolphins
86.4%
Seattle
Seahawks
86.2%
Philadelphia
Eagles
86%
Oakland
Raiders
85.5%
San Francisco
49ers
84.6%
Chicago
Bears
84.6%
Los Angeles
Rams
84.4%
Minnesota
Vikings
84.3%
Denver
Broncos
83.9%
Cincinnati
Bengals
83.8%
Houston
Texans
83.7%
Detroit
Lions
83.7%
Baltimore
Ravens
83.2%
Atlanta
Falcons
83.2%
Los Angeles
Chargers
83%
83%
Carolina
Panthers
83%
Washington
Redskins
82.6%
Arizona
Cardinals
81.4%
New Orleans
Saints
81.2%
Jacksonville
Jaguars
81%
Tennessee
Titans
80.5%
Kansas City
Chiefs
80.4%
Indianapolis
Colts
80%
78.8%
78.8%
Tampa Bay
Buccaneers
78.7%
Team Helmet: Buffalo Bills
49.1%

You're not logged in!

Compare scores with friends on all Sporcle quizzes.
OR
Log In

You Might Also Like...

Show Comments

Extras

Top Quizzes Today


Score Distribution

Your Account Isn't Verified!

In order to create a playlist on Sporcle, you need to verify the email address you used during registration. Go to your Sporcle Settings to finish the process.

Report this User

Report this user for behavior that violates our Community Guidelines.

Details: